Las Iglesias y el acceso a las justicias en América Latina /

সংরক্ষণ করুন:
গ্রন্থ-পঞ্জীর বিবরন
প্রধান লেখক: Crahan, Margaret E.
বিন্যাস: পাঠ‍্য
বিষয়গুলি:
ট্যাগগুলো: ট্যাগ যুক্ত করুন
কোনো ট্যাগ নেই, প্রথমজন হিসাবে ট্যাগ করুন!

MARC

LEADER 00000 a a2200000 04500
001 16366
003
040
100 |a Crahan, Margaret E.  
245 |a Las Iglesias y el acceso a las justicias en América Latina /  |c Margaret E. Crahan 
650 |a INSTITUCIONES RELIGIOSAS  
650 |a DERECHOS HUMANOS  
650 |a DEFENSA  
650 |a PROTECCION LEGAL  
773 |g número 32 -33; páginas 59-70  
999 |c 31045  |d 31045